OPAC Home

කිඳුරු අරණ 1 (Record no. 41810)

MARC details
000 -LEADER
fixed length control field 00546nam a2200193Ia 4500
008 - FIXED-LENGTH DATA ELEMENTS--GENERAL INFORMATION
fixed length control field 120924t2008 xxu||||| |||| 00| 0 sin d
041 ## - LANGUAGE CODE
Language code of text/sound track or separate title Sinhala; Sinhalese
080 ## - UNIVERSAL DECIMAL CLASSIFICATION NUMBER
Universal Decimal Classification number 8-31 (eng)
Item number BEM
942 ## - ADDED ENTRY ELEMENTS (KOHA)
Koha item type Books
003 - CONTROL NUMBER IDENTIFIER
control field LK-CoDNM
040 ## - CATALOGING SOURCE
Original cataloging agency LK-CoDNM
Modifying agency LK-CoDNM
Description conventions LK-CoDNM
100 ## - MAIN ENTRY--PERSONAL NAME
Personal name Bemman,Hans
700 ## - ADDED ENTRY--PERSONAL NAME
Personal name Perera,Chithra.I
Relator term translater
245 ## - TITLE STATEMENT
Title කිඳුරු අරණ 1
246 ## - VARYING FORM OF TITLE
Title proper/short title Kinduru Arana 1
260 ## - PUBLICATION, DISTRIBUTION, ETC. (IMPRINT)
Place of publication, distribution, etc. Wijesuriya
-- Mulleriyawa
Date of publication, distribution, etc. 2008
300 ## - PHYSICAL DESCRIPTION
Other physical details 451p, 21 cm
500 ## - GENERAL NOTE
General note Sinhalese Translation of Hans Bemman's of The Stone and the Flute
Holdings
Withdrawn status Lost status Damaged status Not for loan Collection code Permanent Location Current Location Date acquired Full call number Barcode Koha item type
        Translation Library National Museum Colombo - Sri Lanka Library National Museum Colombo - Sri Lanka 2012-09-24 8-31 (eng) BEM 150634 Books
Copyright © 2023 Department of National Museum, Colombo 07, Sri Lanka Funded by UNESCO IFAP UNESCO